000 02797cam a2200433 i 4500
001 18639265
005 20170807133929.0
008 150601s2015 nyu 000 1 eng
010 _a 2015020938
020 _a9780765376701 (hardcover)
020 _z9781466851894 (ebook)
040 _aDLC
_beng
_cDLC
_erda
_dDLC
042 _apcc
050 0 0 _aPS3556.O7418
_bO55 2015
082 0 0 _a813/.54
_223
084 _aFIC031000
_2bisacsh
092 _afic
100 1 _aForstchen, William R.
_960871
245 1 0 _aOne year after /
_cWilliam R. Forstchen.
250 _aFirst edition.
264 1 _aNew York :
_bForge,
_c2015
300 _a302 pages ;
_c25 cm
336 _atext
337 _aunmediated
338 _avolume
500 _a"A Tom Doherty Associates book."
500 _aSequel to: One second after.
520 _a"Months before publication, William R. Forstchen's One Second After was cited on the floor of Congress as a book all Americans should read. Hundreds of thousands of people have read the tale. One Year After is the thrilling follow-up to that smash hit. The story picks up a year after One Second After ends, two years since the detonation of nuclear weapons above the United States brought America to its knees. After suffering starvation, war, and countless deaths, the survivors of Black Mountain, North Carolina, are beginning to piece back together the technologies they had once taken for granted: electricity, radio communications, and medications. They cling to the hope that a new national government is finally emerging. Then comes word that most of the young men and women of the community are to be drafted into an "Army of National Recovery" and sent to trouble spots hundreds of miles away. When town administrator John Matherson protests the draft, he's offered a deal: leave Black Mountain and enter national service, and the draft will be reduced. But the brutal suppression of a neighboring community under its new federal administrator and the troops accompanying him suggests that all is not as it should be with this burgeoning government"--
650 0 _aRegression (Civilization)
_vFiction.
_95695800
650 0 _aNuclear warfare
_vFiction.
_95678576
650 0 _aSurvivalism
_vFiction.
_95710494
650 7 _aFICTION / Thrillers.
_2bisacsh
_95679973
655 7 _aScience fiction.
_2gsafd
_9102707
655 7 _aSuspense fiction.
_2gsafd
_9102761
856 4 2 _3Cover image
_uhttp://www.netread.com/jcusers2/bk1388/701/9780765376701/image/lgcover.9780765376701.jpg
906 _a7
_bcbc
_corignew
_d1
_eecip
_f20
_gy-gencatlg
942 _2ddc
_cBOOK
999 _c212850
_d212850